000
00340nam a22001577a 4500
005
20260324112912.0
020
_a
9788198712226
041
_a
English
082
_a
T16 R25 SUN
100
_a
Sundaramurthy R
245
_a
Thamizh Aaraychi Varalaru
260
_a
Chennai
_b
NCBH
_c
2025
300
_a
152
365
_b
135.00
942
_c
BK
999
_c
177058
_d
177058